[Event "TCh-CHN Division A 2014"]
[Site "Jiangmen CHN"]
[Date "2014.04.15"]
[Round "4.5"]
[White "Mu, Ke"]
[Black "Wang, Rui"]
[Result "1/2-1/2"]
[BlackTitle "GM"]
[WhiteElo "2413"]
[BlackElo "2394"]
[WhiteTeam "Qingdao Experimental School"]
[BlackTeam "Hebei"]
[WhiteFideId "8602778"]
[BlackFideId "8601003"]
[EventDate "2014.04.12"]

1. d4 Nf6 2. c4 e6 3. Nc3 d5 4. Nf3 c6 5. e3 Nbd7 6. Qc2 Be7 7. b3 b6 8. Bd3 Bb7
9. O-O Rc8 10. Bb2 Qc7 11. Rad1 h6 12. Qe2 O-O 13. Ne5 Nxe5 14. dxe5 Nd7 15. f4
Rfd8 16. cxd5 cxd5 17. Nb5 Qb8 18. Qg4 Ba6 19. Nd6 Bxd3 20. Rxd3 Rc2 21. Bd4 Nc5
22. Rdd1 g6 23. f5 exf5 24. Rxf5 Bxd6 25. exd6 Qc8 26. Qh4 Ne6 27. Qf6 Nxd4 28.
Qxf7+ Kh8 29. Qf6+ Kh7 30. Qe7+ Kg8 31. Rf6 Rxg2+ 32. Kxg2 Qg4+ 33. Kf2 Rc8 34.
exd4 Rc2+ 35. Ke1 Qh4+ 1/2-1/2

[Event "TCh-CHN Division A 2014"]
[Site "Jiangmen CHN"]
[Date "2014.04.15"]
[Round "4.5"]
[White "Wang, Doudou"]
[Black "Lei, Tingjie"]
[Result "1/2-1/2"]
[WhiteTitle "WIM"]
[BlackTitle "WGM"]
[WhiteElo "2215"]
[BlackElo "2421"]
[WhiteTeam "Hebei"]
[BlackTeam "Qingdao Experimental School"]
[WhiteFideId "8603197"]
[BlackFideId "8605114"]
[EventDate "2014.04.12"]

1. d4 Nf6 2. c4 g6 3. Nc3 d5 4. cxd5 Nxd5 5. e4 Nxc3 6. bxc3 Bg7 7. Nf3 c5 8.
Bb5+ Nd7 9. O-O O-O 10. a4 a6 11. Bd3 cxd4 12. cxd4 Nc5 13. Bc2 Bg4 14. Be3 Ne6
15. e5 f6 16. exf6 Bxf6 17. Be4 Rb8 18. Rb1 b6 19. Qd3 Bxf3 20. Bxf3 Nxd4 21.
Be4 a5 22. Rfd1 e5 23. f4 Ne6 24. Qc4 Qe7 25. f5 gxf5 26. Bxf5 Rfe8 27. Rxb6
Rxb6 28. Bxb6 Kh8 29. Bxe6 Qxe6 30. Qxe6 Rxe6 31. Bxa5 Ra6 32. Rd5 Kg7 33. Kf2
Kf7 34. Rb5 Kg6 35. Kf3 Rd6 36. Bc7 Rd3+ 37. Ke2 Ra3 38. a5 e4 39. Bd6 Ra4 40.
Rb4 Rxa5 41. Rxe4 h5 42. Kf3 Rf5+ 43. Rf4 Rxf4+ 44. Kxf4 Bd8 45. g3 Bb6 46. h4
Bc5 47. g4 1/2-1/2

[Event "TCh-CHN Division A 2014"]
[Site "Jiangmen CHN"]
[Date "2014.04.15"]
[Round "4.5"]
[White "Zhai, Mo"]
[Black "Gong, Qianyun"]
[Result "1-0"]
[WhiteTitle "WIM"]
[BlackTitle "WIM"]
[WhiteElo "2325"]
[BlackElo "2349"]
[WhiteTeam "Hebei"]
[BlackTeam "Qingdao Experimental School"]
[WhiteFideId "8600201"]
[BlackFideId "8602425"]
[EventDate "2014.04.12"]

1. e4 e6 2. d4 d5 3. Nd2 Nc6 4. Ngf3 Nf6 5. e5 Nd7 6. Nb3 a5 7. a4 b6 8. Bb5 Na7
9. Be2 Be7 10. O-O O-O 11. Be3 f6 12. exf6 Bxf6 13. Qd2 Re8 14. Rad1 Bb7 15. Ng5
h6 16. Nh3 e5 17. Bh5 Re7 18. c3 Nc6 19. Bf3 e4 20. Bg4 Nf8 21. f3 Bc8 22. Bxc8
Rxc8 23. fxe4 Rxe4 24. Nf2 Re6 25. Nc1 Qe8 26. Ng4 Be7 27. Nd3 Bd6 28. Bxh6
Bxh2+ 29. Kxh2 Qh5+ 30. Kg3 Rg6 31. Qf4 Ne6 32. Qf5 Qxf5 33. Rxf5 gxh6 34. Rxd5
Ne7 35. Re5 Nc6 36. Rh1 Nxe5 37. Nxe5 Rg7 38. Rxh6 Nf8 1-0

[Event "TCh-CHN Division A 2014"]
[Site "Jiangmen CHN"]
[Date "2014.04.15"]
[Round "4.6"]
[White "Zhao, Jun"]
[Black "Lu, Shanglei"]
[Result "1/2-1/2"]
[WhiteTitle "GM"]
[BlackTitle "GM"]
[WhiteElo "2578"]
[BlackElo "2566"]
[WhiteTeam "Shandong"]
[BlackTeam "Zhejiang"]
[WhiteFideId "8602522"]
[BlackFideId "8603332"]
[EventDate "2014.04.12"]

1. e4 c5 2. Nc3 g6 3. g3 Bg7 4. Bg2 Nc6 5. d3 e6 6. Be3 b6 7. Qd2 Ba6 8. Nf3 Nd4
9. a4 Ne7 10. Bxd4 cxd4 11. Nb5 Nc6 12. Nd6+ Ke7 13. Nb5 d6 14. O-O Qd7 15. h4
Rhe8 16. Nh2 Kf8 17. f4 Kg8 18. h5 Rac8 19. hxg6 hxg6 20. Na3 d5 21. e5 Qe7 22.
Nf3 Qb4 23. Qxb4 Nxb4 24. Nxd4 Bf8 25. Kh2 Kg7 26. Bf3 Bc5 27. Ndb5 Be3 28. Bd1
f5 29. Kg2 Bxb5 30. axb5 g5 31. fxg5 Bxg5 32. d4 Rc7 33. Rf3 Kg6 34. c3 Rh8 35.
Be2 Rch7 36. Rff1 Rh2+ 37. Kf3 f4 38. cxb4 R8h3 39. Rg1 fxg3 40. Bd1 Kh5 41.
Rxg3 Kh4 1/2-1/2

[Event "TCh-CHN Division A 2014"]
[Site "Jiangmen CHN"]
[Date "2014.04.15"]
[Round "4.6"]
[White "Wen, Yang"]
[Black "Yu, Lie"]
[Result "0-1"]
[WhiteTitle "GM"]
[BlackTitle "IM"]
[WhiteElo "2586"]
[BlackElo "2327"]
[WhiteTeam "Shandong"]
[BlackTeam "Zhejiang"]
[WhiteFideId "8602956"]
[BlackFideId "8603715"]
[EventDate "2014.04.12"]

1. Nf3 d5 2. g3 Nf6 3. Bg2 g6 4. c4 c6 5. d4 Bg7 6. cxd5 cxd5 7. Nc3 O-O 8. Ne5
e6 9. O-O Nfd7 10. Nf3 Nc6 11. Bf4 Qb6 12. Na4 Qa6 13. a3 b5 14. Nc3 Qb6 15. e4
dxe4 16. Nxe4 Bb7 17. Nd6 Rad8 18. a4 Ba6 19. Re1 Nxd4 20. a5 Qc5 21. Ne4 Qc4
22. Rc1 Qa4 23. Nxd4 Qxd4 24. Bc7 Ra8 25. Nd6 Qxd1 26. Rexd1 Ne5 27. b3 b4 28.
Rc2 h5 29. h3 g5 30. Bxa8 Rxa8 31. Kg2 g4 32. hxg4 hxg4 33. Rc5 Be2 34. Rd2 Bf3+
35. Kf1 Kh7 36. Nf5 exf5 37. Bxe5 Rh8 38. Rd6 Bxe5 39. Rd3 Kg7 0-1

[Event "TCh-CHN Division A 2014"]
[Site "Jiangmen CHN"]
[Date "2014.04.15"]
[Round "4.6"]
[White "Bu, Xiangzhi"]
[Black "Ding, Liren"]
[Result "1/2-1/2"]
[WhiteTitle "GM"]
[BlackTitle "GM"]
[WhiteElo "2707"]
[BlackElo "2730"]
[WhiteTeam "Shandong"]
[BlackTeam "Zhejiang"]
[WhiteFideId "8601445"]
[BlackFideId "8603677"]
[EventDate "2014.04.12"]

1. Nf3 Nf6 2. c4 g6 3. b3 Bg7 4. Bb2 O-O 5. e3 d6 6. d4 e5 7. dxe5 dxe5 8. Qxd8
Rxd8 9. Bxe5 Nc6 10. Bc3 Ne4 11. Bxg7 Kxg7 12. a3 a5 13. Nbd2 Nc5 14. Be2 Bf5
15. O-O g5 16. h3 h5 17. b4 axb4 18. axb4 Rxa1 19. Rxa1 Nxb4 20. Nd4 Bg6 21.
N4b3 Nxb3 22. Nxb3 b6 23. c5 bxc5 24. Rc1 Bd3 25. Bxd3 Nxd3 26. Rc2 Rd5 27. Kf1
Rf5 28. g4 hxg4 29. hxg4 Rf6 30. Nc1 Nxc1 31. Rxc1 Rc6 32. Ke2 c4 33. f4 c3 34.
Rc2 Kf6 35. Kd1 gxf4 36. exf4 Rc4 37. Rf2 Re4 38. Rf3 Ra4 39. Kc2 Ra2+ 40. Kd1
Rd2+ 41. Ke1 Rc2 42. Kd1 1/2-1/2

[Event "TCh-CHN Division A 2014"]
[Site "Jiangmen CHN"]
[Date "2014.04.15"]
[Round "4.6"]
[White "Ding, Yixin"]
[Black "Xiao, Yiyi"]
[Result "1-0"]
[WhiteTitle "WGM"]
[BlackTitle "WFM"]
[WhiteElo "2440"]
[BlackElo "2248"]
[WhiteTeam "Zhejiang"]
[BlackTeam "Shandong"]
[WhiteFideId "8602972"]
[BlackFideId "8606161"]
[EventDate "2014.04.12"]

1. Nf3 Nf6 2. g3 d5 3. Bg2 e6 4. O-O Be7 5. d3 O-O 6. b3 c5 7. Bb2 b6 8. Nbd2
Bb7 9. e4 Nc6 10. e5 Nd7 11. Re1 f6 12. Bh3 f5 13. d4 a5 14. c4 Nxd4 15. Nxd4
cxd4 16. Bxd4 Bc5 17. Bxc5 Nxc5 18. Bg2 Qd7 19. cxd5 Bxd5 20. Nc4 Qc6 21. Bxd5
exd5 22. Nd6 Rad8 23. Rc1 Qa8 24. Qd4 Ne6 25. Qxb6 Ng5 26. Kg2 f4 27. Qb7 f3+
28. Kf1 Qxb7 29. Nxb7 Rc8 30. Nd6 Rxc1 31. Rxc1 Nf7 32. Rc5 Nxe5 33. Rxd5 Nc6
34. Ke1 Rf6 35. Kd1 Nb4 36. Rd2 Nxa2 37. Ne4 1-0

[Event "TCh-CHN Division A 2014"]
[Site "Jiangmen CHN"]
[Date "2014.04.15"]
[Round "4.6"]
[White "Qiu, Mengjie"]
[Black "Xu, Huahua"]
[Result "0-1"]
[WhiteTitle "WFM"]
[BlackTitle "WIM"]
[WhiteElo "2126"]
[BlackElo "2106"]
[WhiteTeam "Zhejiang"]
[BlackTeam "Shandong"]
[WhiteFideId "8606137"]
[BlackFideId "8604096"]
[EventDate "2014.04.12"]

1. e4 c5 2. Nf3 Nc6 3. Nc3 g6 4. d4 cxd4 5. Nxd4 Bg7 6. Be3 Nf6 7. Bc4 O-O 8.
Bb3 d6 9. f3 Bd7 10. Qd2 Nxd4 11. Bxd4 b5 12. a4 bxa4 13. Bxa4 a5 14. O-O Rb8
15. Nd5 Nxd5 16. exd5 Bxd4+ 17. Qxd4 Rb4 18. Qa7 Rxa4 19. Rxa4 Bxa4 20. b3 Bd7
21. Ra1 Bf5 22. Rxa5 Bxc2 23. b4 Qb8 24. Qd4 Rc8 25. b5 Qb7 26. b6 Rb8 27. Rb5
Qa6 28. Qb2 Bd3 29. Rb4 Bc4 30. h4 Bxd5 31. h5 Qa2 32. Qc3 Qa5 33. Qb2 Qc5+ 34.
Kh2 Bb7 35. hxg6 hxg6 36. Kh1 Rd8 0-1

[Event "TCh-CHN Division A 2014"]
[Site "Jinan CHN"]
[Date "2014.06.03"]
[Round "5.1"]
[White "Yu, Lie"]
[Black "Wang, Hao"]
[Result "0-1"]
[WhiteTitle "IM"]
[BlackTitle "GM"]
[WhiteElo "2327"]
[BlackElo "2710"]
[WhiteTeam "Zhejiang"]
[BlackTeam "Beijing"]
[WhiteFideId "8603715"]
[BlackFideId "8602883"]
[EventDate "2014.04.12"]

1. d4 Nf6 2. Nf3 g6 3. g3 Bg7 4. Bg2 O-O 5. c4 d6 6. O-O Nbd7 7. b3 e5 8. Nc3
Re8 9. dxe5 dxe5 10. Qc2 c6 11. h3 e4 12. Nh2 Nh5 13. Ng4 f5 14. Nh6+ Kf8 15. g4
Qa5 16. Bd2 e3 17. fxe3 Bxh6 18. Nd5 Qd8 19. e4 Bxd2 20. exf5 cxd5 21. fxg6+
Nhf6 22. Qxd2 Kg7 23. g5 hxg6 24. gxf6+ Nxf6 25. cxd5 Qb6+ 26. Kh1 Bf5 27. Rxf5
gxf5 28. Qg5+ Kh8 29. Qxf5 Rxe2 30. Rf1 Rg8 31. Bf3 Re7 32. Qf4 Reg7 33. d6 Qb5
34. Qh4+ Nh7 35. Rd1 Qg5 36. Qd4 Qf6 37. Qd5 Rg3 0-1

[Event "TCh-CHN Division A 2014"]
[Site "Jinan CHN"]
[Date "2014.06.03"]
[Round "5.1"]
[White "Lu, Shanglei"]
[Black "Yu, Yangyi"]
[Result "1/2-1/2"]
[WhiteTitle "GM"]
[BlackTitle "GM"]
[WhiteElo "2566"]
[BlackElo "2705"]
[WhiteTeam "Zhejiang"]
[BlackTeam "Beijing"]
[WhiteFideId "8603332"]
[BlackFideId "8603820"]
[EventDate "2014.04.12"]

1. e4 c5 2. Nf3 Nc6 3. Bb5 e6 4. O-O Nge7 5. Re1 Nd4 6. Nxd4 cxd4 7. c3 a6 8.
Bf1 Nc6 9. Qa4 Rb8 10. d3 b5 11. Qc2 Bb7 12. Nd2 Rc8 13. Nb3 Be7 14. Qe2 dxc3
15. bxc3 O-O 16. Qg4 Ne5 17. Qg3 Ng6 18. d4 f5 19. e5 f4 20. Qh3 Nh4 21. Nd2 Qe8
22. Ne4 Qg6 23. Bd3 Kh8 24. Bd2 Bd5 25. f3 Qh5 26. Re2 g5 27. Be1 Rg8 28. Bxh4
Qxh4 29. Qxh4 gxh4 30. h3 Bxe4 31. Bxe4 Rxc3 32. Rd1 Rgc8 33. d5 exd5 34. Bxd5
Rc1 35. Ree1 Rxd1 36. Rxd1 a5 37. Be4 Rc7 38. Kf1 b4 39. Bf5 Rc5 40. Bxd7 Rxe5
41. Ba4 Kg7 42. Rd4 Rf5 43. Bb3 h6 44. Ke2 Re5+ 45. Re4 Rxe4+ 46. fxe4 Kf6 47.
Kd3 Ke5 48. Bd1 Bd6 49. Kc4 f3 50. Bxf3 a4 51. Bd1 b3 52. axb3 a3 53. Kc3 Bb4+
54. Kc2 Kxe4 55. Kb1 Kd4 1/2-1/2

[Event "TCh-CHN Division A 2014"]
[Site "Jinan CHN"]
[Date "2014.06.03"]
[Round "5.1"]
[White "Ding, Liren"]
[Black "Bologan, Viktor"]
[Result "1-0"]
[WhiteTitle "GM"]
[BlackTitle "GM"]
[WhiteElo "2730"]
[BlackElo "2643"]
[WhiteTeam "Zhejiang"]
[BlackTeam "Beijing"]
[WhiteFideId "8603677"]
[BlackFideId "13900048"]
[EventDate "2014.04.12"]

1. d4 d5 2. c4 e6 3. Nf3 Nf6 4. g3 Bb4+ 5. Bd2 Be7 6. Bg2 O-O 7. O-O c6 8. Qb3
b6 9. Bg5 h6 10. Bxf6 Bxf6 11. Nbd2 a5 12. e4 Ba6 13. Rfd1 dxc4 14. Nxc4 a4 15.
Qc2 Bxc4 16. Qxc4 Ra7 17. Rac1 b5 18. Qe2 Qb6 19. e5 Be7 20. Qe4 Rd8 21. Bf1
Rad7 22. h4 h5 23. g4 hxg4 24. Bd3 g6 25. Qxg4 Rxd4 26. Nxd4 Qxd4 27. Qxd4 Rxd4
28. h5 Rb4 29. hxg6 Rxb2 30. Rc2 Rb4 31. f3 Nd7 32. Bxb5 Nxe5 33. gxf7+ Kxf7 34.
Bxc6 Nxc6 35. Rxc6 Rb2 36. Rd7 Kf6 37. Rcc7 Ba3 38. Rf7+ Ke5 39. f4+ Ke4 40.
Rc4+ Kd5 41. Rxa4 Rxa2 42. Kf1 Ra1+ 43. Kg2 Bb2 44. Rb4 Bc3 45. Rb5+ Ke4 46. Rb6
e5 47. f5 Ra2+ 48. Kg3 Be1+ 49. Kg4 Rg2+ 50. Kh3 Rg3+ 51. Kh2 Rf3 52. f6 Bd2 53.
Rg7 Bh6 54. Rg4+ Kf5 55. Rg8 Bf4+ 56. Kg2 Rc3 57. f7 Rc2+ 58. Kf1 Ke4 59. f8=Q
Kd5 1-0

[Event "TCh-CHN Division A 2014"]
[Site "Jinan CHN"]
[Date "2014.06.03"]
[Round "5.1"]
[White "Gunina, Valentina"]
[Black "Ding, Yixin"]
[Result "1/2-1/2"]
[WhiteTitle "GM"]
[BlackTitle "WGM"]
[WhiteElo "2522"]
[BlackElo "2440"]
[WhiteTeam "Beijing"]
[BlackTeam "Zhejiang"]
[WhiteFideId "4167570"]
[BlackFideId "8602972"]
[EventDate "2014.04.12"]

1. d4 Nf6 2. c4 g6 3. Nf3 Bg7 4. g3 O-O 5. Bg2 d5 6. cxd5 Nxd5 7. O-O c5 8. dxc5
Na6 9. e4 Ndb4 10. Nc3 Nxc5 11. Bg5 Bd7 12. Qe2 h6 13. Be3 Na4 14. Qd2 Nxc3 15.
bxc3 Nc6 16. Bxh6 Be6 17. Qe3 Qb6 18. Qf4 Qc5 19. Rfc1 Rfd8 20. Bxg7 Kxg7 21.
Bf1 f6 22. h4 Bc8 23. g4 Qd6 24. Qxd6 Rxd6 25. Bh3 Rd3 26. Kg2 Be6 27. Rab1 b6
28. c4 Nd4 29. Nxd4 Rxd4 30. c5 bxc5 31. Rxc5 Rxe4 32. Kg3 Rd8 33. Rb7 Rd3+ 34.
f3 Ree3 35. Bf1 Rxf3+ 36. Kg2 Rg3+ 37. Kh2 Kf8 38. Bxd3 Rxd3 39. g5 fxg5 40.
hxg5 Rd2+ 41. Kg1 Rxa2 42. Rcc7 Ra5 43. Rxe7 Rxg5+ 44. Kf2 Rf5+ 45. Ke3 Rf7 46.
Rxf7+ Bxf7 47. Kf4 Bc4 48. Rxa7 Bd3 49. Ke5 Bf5 50. Kf6 Ke8 51. Rh7 Kd8 52. Re7
Bg4 53. Ra7 Bf5 54. Kf7 Be4 55. Ke6 Bf5+ 56. Kd6 Ke8 57. Rb7 Kf8 58. Re7 Bg4 59.
Ra7 Bf5 60. Ke5 Ke8 61. Kf6 Kd8 62. Kf7 Be4 63. Ra4 Bf5 64. Rd4+ Kc7 65. Kf6 Kc6
66. Ke5 Kc5 67. Rf4 Kc6 68. Rd4 Kc5 69. Rh4 Kc6 70. Rh7 Bd3 71. Rh1 Bf5 72. Rd1
Kc7 73. Rd6 Bb1 74. Kd5 Be4+ 75. Kc5 Bf5 76. Rd4 Bb1 77. Kb5 Bf5 78. Rd1 Bd7+
79. Kc5 Bf5 80. Rd6 Bb1 81. Kd5 Be4+ 82. Ke6 Bb1 83. Ke7 Bf5 84. Rf6 Kb7 85. Kd6
Kb6 86. Rf7 Kb5 87. Rc7 Be4 88. Rc8 Kb4 89. Rc5 Bf5 90. Kd5 Be4+ 91. Kd4 Bf5 92.
Re5 Kb3 93. Re2 Bc2 94. Re3+ Kb2 95. Kc4 Bf5 96. Rc3 Be4 97. Re3 Bf5 98. Re2+
Kc1 99. Kc3 1/2-1/2

[Event "TCh-CHN Division A 2014"]
[Site "Jinan CHN"]
[Date "2014.06.03"]
[Round "5.1"]
[White "Wang, Jue"]
[Black "Qiu, Mengjie"]
[Result "1-0"]
[WhiteTitle "WGM"]
[BlackTitle "WFM"]
[WhiteElo "2353"]
[BlackElo "2126"]
[WhiteTeam "Beijing"]
[BlackTeam "Zhejiang"]
[WhiteFideId "8604070"]
[BlackFideId "8606137"]
[EventDate "2014.04.12"]

1. e4 e5 2. Nf3 Nc6 3. Bb5 Nf6 4. O-O Bc5 5. c3 O-O 6. d4 Bb6 7. Bg5 h6 8. Bh4
d6 9. Bxc6 bxc6 10. dxe5 dxe5 11. Nbd2 Bg4 12. Qa4 Bxf3 13. Nxf3 Qd6 14. Rad1
Qe6 15. Bg3 Rfe8 16. Nxe5 Nh5 17. Nxc6 Nxg3 18. hxg3 Qxe4 19. Qxe4 Rxe4 20. Rfe1
Rae8 21. Kf1 g6 22. Rxe4 Rxe4 23. Re1 Rc4 24. Ne7+ Kg7 25. Nd5 h5 26. b3 Rc6 27.
c4 Rd6 28. Rd1 c6 29. Nc3 Rf6 30. Ne4 Re6 31. f3 f5 32. Rd7+ Kh6 33. Nf2 g5 34.
Nd3 Be3 35. c5 Kg6 36. Rxa7 g4 37. f4 Bd4 38. Rd7 Bf6 39. Rd6 Kf7 40. Ne5+ Bxe5
41. Rxe6 Kxe6 42. fxe5 Kxe5 43. a4 Kd5 44. b4 1-0

[Event "TCh-CHN Division A 2014"]
[Site "Jinan CHN"]
[Date "2014.06.03"]
[Round "5.2"]
[White "Wan, Yunguo"]
[Black "Zhao, Jun"]
[Result "1-0"]
[WhiteTitle "IM"]
[BlackTitle "GM"]
[WhiteElo "2493"]
[BlackElo "2578"]
[WhiteTeam "Hebei"]
[BlackTeam "Shandong"]
[WhiteFideId "8603189"]
[BlackFideId "8602522"]
[EventDate "2014.04.12"]

1. e4 c5 2. Nf3 d6 3. d4 cxd4 4. Nxd4 Nf6 5. Nc3 Nc6 6. Bg5 e6 7. Qd2 a6 8.
O-O-O h6 9. Nxc6 bxc6 10. Bf4 d5 11. Qe3 Be7 12. Be2 O-O 13. h4 Nd7 14. Qg3 Kh8
15. Bc7 Qe8 16. Rhe1 Bb7 17. Kb1 Rc8 18. Bd6 Qd8 19. h5 Nb6 20. Be5 Bf6 21. Bd3
Bxe5 22. Qxe5 d4 23. Ne2 c5 24. c4 Nd7 25. Qh2 e5 26. Ng3 Qf6 27. Nf5 Qe6 28. g4
f6 29. f3 Rfe8 30. Qd2 Nf8 31. Ka1 Nh7 32. Rb1 Ng5 33. Rf1 Rc7 34. Qa5 Qc6 35.
b4 cxb4 36. Rxb4 Bc8 37. Rb6 Qc5 38. Qxc5 Rxc5 39. Nd6 Re6 40. Rfb1 Kh7 41. f4
exf4 42. e5+ Kg8 43. Bf5 fxe5 44. Nxc8 Rxb6 45. Nxb6 e4 46. Nd5 Kf7 47. Rb7+ Ke8
48. Rb8+ Kf7 49. Rb7+ Ke8 50. Bxe4 Rxc4 51. Bg6+ Kd8 52. Bf5 1-0

[Event "TCh-CHN Division A 2014"]
[Site "Jinan CHN"]
[Date "2014.06.03"]
[Round "5.2"]
[White "Yang, Kaiqi"]
[Black "Wen, Yang"]
[Result "1/2-1/2"]
[WhiteTitle "IM"]
[BlackTitle "GM"]
[WhiteElo "2351"]
[BlackElo "2586"]
[WhiteTeam "Hebei"]
[BlackTeam "Shandong"]
[WhiteFideId "8604398"]
[BlackFideId "8602956"]
[EventDate "2014.04.12"]

1. e4 e5 2. Nf3 Nc6 3. Nc3 Nf6 4. d4 exd4 5. Nxd4 d6 6. Bb5 Bd7 7. Bxc6 Bxc6 8.
Qf3 Nd7 9. Qg3 g6 10. Bg5 Qc8 11. Nd5 Bxd5 12. exd5 Bg7 13. O-O-O h6 14. Rhe1+
Kf8 15. Be7+ Kg8 16. f4 Kh7 17. h4 Re8 18. h5 Nc5 19. hxg6+ fxg6 20. f5 gxf5 21.
Qf4 Bxd4 22. Qxd4 Rg8 23. Qf6 Rg6 24. Qf7+ Rg7 25. Qf6 Rg6 26. Qf7+ Rg7 27. Qf6
Ne4 28. Rxe4 fxe4 29. Rh1 Rg6 30. Qf7+ Rg7 31. Qf6 Rg6 32. Qf7+ Rg7 33. Qf6 1/2-1/2

[Event "TCh-CHN Division A 2014"]
[Site "Jinan CHN"]
[Date "2014.06.03"]
[Round "5.2"]
[White "Wang, Rui"]
[Black "Bu, Xiangzhi"]
[Result "1-0"]
[WhiteTitle "GM"]
[BlackTitle "GM"]
[WhiteElo "2394"]
[BlackElo "2707"]
[WhiteTeam "Hebei"]
[BlackTeam "Shandong"]
[WhiteFideId "8601003"]
[BlackFideId "8601445"]
[EventDate "2014.04.12"]

1. e4 c5 2. Nf3 Nc6 3. Bb5 g6 4. O-O Bg7 5. Bxc6 bxc6 6. Re1 Nf6 7. e5 Nd5 8. b3
O-O 9. Bb2 f6 10. exf6 Nxf6 11. Qe2 e6 12. Nc3 Nd5 13. Na4 d6 14. Bxg7 Kxg7 15.
Nc3 e5 16. Nxd5 cxd5 17. h3 a5 18. d3 Ra7 19. Nh2 Raf7 20. Rf1 h5 21. Qd2 Rf4
22. Rae1 Ba6 23. f3 Bb7 24. Rb1 Bc6 25. Qe1 R8f7 26. Qd2 a4 27. Rbe1 Qb6 28. Kh1
Qb4 29. Qxb4 Rxb4 30. Rd1 d4 31. Kg1 d5 32. Rfe1 Kf6 33. Nf1 Ra7 34. Ra1 c4 35.
dxc4 dxc4 36. Nd2 c3 37. Nc4 axb3 38. axb3 Rxa1 39. Rxa1 Bd5 40. Ra6+ Kf5 41.
Nd6+ Kf4 42. Kf2 h4 43. Ne8 d3 44. cxd3 Rxb3 45. Rf6+ Kg5 46. Ke3 Rb1 1-0

[Event "TCh-CHN Division A 2014"]
[Site "Jinan CHN"]
[Date "2014.06.03"]
[Round "5.2"]
[White "Xiao, Yiyi"]
[Black "Wang, Doudou"]
[Result "1-0"]
[WhiteTitle "WFM"]
[BlackTitle "WIM"]
[WhiteElo "2248"]
[BlackElo "2215"]
[WhiteTeam "Shandong"]
[BlackTeam "Hebei"]
[WhiteFideId "8606161"]
[BlackFideId "8603197"]
[EventDate "2014.04.12"]

1. d4 d5 2. c4 c6 3. Nc3 Nf6 4. e3 e6 5. Nf3 Nbd7 6. Qc2 Bd6 7. Be2 O-O 8. O-O
e5 9. cxd5 cxd5 10. Nb5 Bb8 11. dxe5 Nxe5 12. Nbd4 Bg4 13. Nxe5 Bxe5 14. Bxg4
Nxg4 15. h3 Nf6 16. Nf3 Qe7 17. Qf5 Bc7 18. b3 Qe4 19. Qg5 h6 20. Qh4 Rac8 21.
Bb2 Bd8 22. Rac1 Be7 23. Rfd1 Rfd8 24. Bd4 b6 25. a4 Qf5 26. Qg3 Bd6 27. Be5
Bxe5 28. Qxe5 Qe4 29. Qb2 Rc5 30. b4 Rxc1 31. Rxc1 a5 32. bxa5 bxa5 33. Qb6 Ra8
34. Nd4 Qd3 35. Qb5 Qd2 36. Rc2 Qe1+ 37. Kh2 h5 38. Nf5 Qd1 39. Rc7 Qd2 40. Ne7+
Kh8 41. Qc6 Rf8 42. Qc2 Qb4 43. Qc5 Rb8 44. Nxd5 Ne4 45. Rc8+ Kh7 46. Nxb4 1-0

[Event "TCh-CHN Division A 2014"]
[Site "Jinan CHN"]
[Date "2014.06.03"]
[Round "5.2"]
[White "Xu, Huahua"]
[Black "Zhai, Mo"]
[Result "0-1"]
[WhiteTitle "WIM"]
[BlackTitle "WIM"]
[WhiteElo "2106"]
[BlackElo "2325"]
[WhiteTeam "Shandong"]
[BlackTeam "Hebei"]
[WhiteFideId "8604096"]
[BlackFideId "8600201"]
[EventDate "2014.04.12"]

1. e4 c5 2. Nf3 d6 3. Bb5+ Nd7 4. O-O Nf6 5. Re1 a6 6. Bf1 e5 7. c3 Be7 8. d4
O-O 9. a4 Re8 10. Nbd2 Bf8 11. dxe5 Nxe5 12. Nxe5 Rxe5 13. f3 Re8 14. Nc4 d5 15.
exd5 Rxe1 16. Qxe1 Nxd5 17. Ne3 Be6 18. Nxd5 Qxd5 19. Be3 Rd8 20. Qf2 h6 21. c4
Qd6 22. Qc2 g6 23. Be2 Qe5 24. Qc3 Qc7 25. Rd1 Bg7 26. Rxd8+ Qxd8 27. Qd2 Qb6
28. a5 Qb3 29. Bf1 Bxc4 30. Bxc4 Qxc4 31. b3 Qb5 32. Kf2 c4 33. bxc4 Qxc4 34.
Bb6 Qh4+ 35. Kg1 Bf8 36. g4 h5 37. Qe2 Qg5 38. Qe3 Qd5 39. g5 Bg7 40. Kg2 Be5
41. h4 Kf8 42. Bc5+ Ke8 43. Bb4 Kd7 44. Kh3 Qd4 45. Qb3 Ke8 46. Qa4+ Kd8 47. Qb3
Ke8 48. Qa4+ Qd7+ 49. Qxd7+ Kxd7 50. Bd2 Kc6 51. f4 Bc7 0-1

[Event "TCh-CHN Division A 2014"]
[Site "Jinan CHN"]
[Date "2014.06.03"]
[Round "5.3"]
[White "Zhou, Weiqi"]
[Black "Mu, Ke"]
[Result "1-0"]
[WhiteTitle "GM"]
[WhiteElo "2614"]
[BlackElo "2413"]
[WhiteTeam "Chongqing"]
[BlackTeam "Qingdao Experimental School"]
[WhiteFideId "8601674"]
[BlackFideId "8602778"]
[EventDate "2014.04.12"]

1. c4 Nf6 2. Nc3 d5 3. cxd5 Nxd5 4. g3 g6 5. Bg2 Nxc3 6. bxc3 Bg7 7. h4 h5 8.
Nh3 c6 9. Ng5 Qa5 10. Qb3 O-O 11. O-O Nd7 12. d4 Nb6 13. e4 c5 14. Be3 c4 15.
Qc2 e5 16. dxe5 Bxe5 17. Rac1 Bg7 18. f4 Bg4 19. e5 Nd5 20. Bd4 Bf5 21. Qb2 Rab8
22. Rfe1 b6 23. Ne4 Be6 24. Nf6+ Kh8 25. f5 1-0

[Event "TCh-CHN Division A 2014"]
[Site "Jinan CHN"]
[Date "2014.06.03"]
[Round "5.3"]
[White "Wang, Chen"]
[Black "Xu, Zhihang"]
[Result "1-0"]
[WhiteTitle "IM"]
[WhiteElo "2508"]
[BlackElo "2119"]
[WhiteTeam "Chongqing"]
[BlackTeam "Qingdao Experimental School"]
[WhiteFideId "8601020"]
[BlackFideId "8611572"]
[EventDate "2014.04.12"]

1. e4 d5 2. exd5 Nf6 3. Nc3 Nxd5 4. Bc4 c6 5. Qf3 e6 6. Ne4 Be7 7. Ne2 O-O 8. d4
Nd7 9. O-O e5 10. Qg3 Bh4 11. Qd3 f5 12. N4c3 e4 13. Bxd5+ cxd5 14. Qb5 Nb6 15.
Nf4 Bd7 16. Qa5 Bc6 17. Ne6 Qd6 18. Nxf8 Qxf8 19. Ne2 Be7 20. Qe1 Bb5 21. f3 Qc8
22. Qd1 Bf6 23. c3 Qc4 24. Ng3 Qc7 25. Nxf5 Bxf1 26. Qxf1 Re8 27. fxe4 Rxe4 28.
Ng3 Re8 29. Bf4 Qd7 30. Qf3 Rf8 31. Qd3 Bh4 32. Rf1 a6 33. b3 Qc8 34. h3 Qe6 35.
Rf3 Nd7 36. Kh2 Bd8 37. c4 dxc4 38. bxc4 g5 39. Re3 Qc6 40. Be5 Rf2 41. d5 Qc5
42. Bd4 Qf8 43. Re6 Rf7 44. Qe4 Re7 45. Nf5 1-0